Cómo el leopardo obtuvo sus manchas : (Registro nro. 30903)
[ vista simple ]
| 000 -CABECERA | |
|---|---|
| campo de control de longitud fija | 01542cam a2200265 a 4500 |
| 008 - CÓDIGOS DE INFORMACIÓN DE LONGITUD FIJA | |
| fixed length control field | 030917r20021997ck a jr 00011 spa d |
| 020 ## - NÚMERO INTERNACIONAL NORMALIZADO PARA LIBROS | |
| ISBN | 9789583003288 |
| 040 ## - Fuente de catalogación | |
| Agencia original de catalogación | CO-JMCR |
| Agencia de transcripción | CO-JMCR |
| Lenguaje de catalogación | spa |
| Agencia de modificación | CO-JMCR |
| Convenciones de descripción | rda |
| 041 1# - CÓDIGO DE LENGUA | |
| Código idioma | spa |
| Language code of original | eng |
| 082 04 - NÚMERO DE LA CLASIFICACIÓN DECIMAL DEWEY | |
| Número de clasificación Decimal | C |
| Número de documento (Cutter) | KIPc |
| 100 1# - PUNTO DE ACCESO PRINCIPAL-NOMBRE DE PERSONA | |
| Nombre personal | Kipling, Rudyard, |
| 9 (RLIN) | 41942 |
| 245 10 - TÍTULO PROPIAMENTE DICHO | |
| Título | Cómo el leopardo obtuvo sus manchas : |
| Parte restante del título | y otros cuentos de animales / |
| Mención de responsabilidad, etc. | Rudyard Kipling ; traducido por Catalina Calderón ; ilustrado por Henry González y Nancy Granada ; selección Martín Moreno Angel. |
| 260 ## - PUBLICACIÓN, DISTRIBUCIÓN, ETC. (PIE DE IMPRENTA) | |
| Lugar de publicación, distribución, etc. | Bogotá : |
| Nombre del editor, distribuidor, etc. | Panamericana Editorial, |
| Fecha de publicación, distribución, etc. | 2002 |
| 300 ## - DESCRIPCIÓN FÍSICA | |
| Extensión | 165 páginas ; |
| Dimensiones | 16 cm. |
| 440 #0 - SERIES | |
| Titulo | Cajón de cuentos |
| 9 (RLIN) | 43969 |
| 505 0# - NOTA DE CONTENIDO FORMATADO | |
| Nota de contenido formateada | Cómo a la ballena le salieron sus barbas -- Cómo al dromedario le salió su joroba -- Cómo al rinoceronte se le arrugó las piel -- Cómo al leopardo obtuvo sus manchas -- El bebé elefante -- El origen de los armadillos. |
| 520 #3 - RESUMEN, ETC. | |
| Resumen,etc. | Ninguno pudo escapar, y entonces el espinoso y tozudo se enrolló a sí mismo hasta volverse una bola, pues al fin y al cabo era un puercoespín. |
| 534 ## - ORIGINAL VERSION NOTE | |
| Introductory phrase | Títulos originales. |
| Title statement of original | How the whale got his throat, How the camel got his hump, How the rhinoceros got his skin, How the leopard got his spots, The elephant´s child, The beginning of the armadilloes. |
| 650 14 - TÉRMINO DE MATERIA | |
| 9 (RLIN) | 43970 |
| 650 24 - TÉRMINO DE MATERIA | |
| Subdivisión de forma | Cuentos. |
| 9 (RLIN) | 40589 |
| 700 1# - AUTOR SECUNDARIO - PERSONA | |
| Nombre de persona | Calderón, Catalina, |
| 9 (RLIN) | 43971 |
| 700 1# - AUTOR SECUNDARIO - PERSONA | |
| Nombre de persona | González, Henry, |
| 9 (RLIN) | 43972 |
| 700 1# - AUTOR SECUNDARIO - PERSONA | |
| Nombre de persona | Granada, Nancy, |
| 9 (RLIN) | 43973 |
| Withdrawn status | Lost status | Source of classification or shelving scheme | Damaged status | Not for loan | Collection code | Home library | Current library | Shelving location | Date acquired | Total Checkouts | Full call number | Barcode | Date last seen | Date last checked out | Copy number | Price effective from | Koha item type |
|---|---|---|---|---|---|---|---|---|---|---|---|---|---|---|---|---|---|
| Dewey Decimal Classification | Fiction | Biblioteca Pública José María del Castillo y Rada | Biblioteca Pública José María del Castillo y Rada | Book Cart | 01/22/2025 | 5 | C KIPc | 201812413 | 01/27/2026 | 01/26/2026 | Ej.1 | 01/23/2025 | Books |